Géographie de l'Amérique du Sud par lettre - P - Statistiques

Statistiques générales
  • Ce quiz a été pris 95 fois
  • Le résultat moyen est 9 sur 21
Statistiques - réponses
Question Réponse % Correct
Monnaie de 4 pays sud-américains Peso
90%
Tubercule comestible originaire de la Cordillère des Andes, qui a conquis la planète et fait partie de l'alimentation de base d'une bonne partie de l'humanité Pomme de terre
85%
Région du Sud de l'Amérique du Sud, partagée entre le Chili et l'Argentine par la Cordillère des Andes Patagonie
79%
Île du Pacifique sous administration chilienne, l'un des lieux les plus isolés de la planète Île de {Pâques}
78%
Vaste région naturelle d'Argentine, d'Uruguay et de l'extrême sud du Brésil, plaine herbeuse et fertile propice à l'agriculture et à l'élevage Pampa
75%
Chapeau qui, contrairement à ce que son nom laisse supposer, est originaire d'Equateur, initialement fabriqué en fibres végétales tissées et dont les traces les plus anciennes remontent à la culture Valdivia (4000 av. JC) Panama
74%
Etat amazonien du Brésil, de capitale Belem Parà
73%
Général chilien instigateur d'un coup d'Etat en 1973 suivi d'une dictature sanglante Augusto Pinochet
69%
Capitale du Surinam Paramaribo
64%
Monsieur et Madame ont tous deux été chefs d'Etat de l'Argentine, et ont marqué les esprits chacun à leur manière Perón
35%
Guerre (1879-1884) opposant le Chili au Pérou et à la Bolivie, au cours de laquelle cette dernière a perdu sa façade maritime Guerre du {Pacifique}
30%
Fleuve sud-américain majeur, qui traverse le sud de Brésil, le Paraguay et une partie de l'Argentine avant de constituer le Rio de la Plata avec le fleuve Paraguay Paranà
27%
Capitale de l'État brésilien du Rio Grande do Sul, lieu du premier Forum social mondial en 2001 Porto Alegre
26%
Etat brésilien dont la capitale est Recife Pernambouc
17%
Compagnie pétrolière nationale du Brésil Petrobras
12%
La plus grande zone humide de la planète, qui s'étend sur le sud du Brésil, une partie de la Bolivie et une partie du Paraguay, prairie et savane inondées abritant une exceptionnelle biodiversité Pantanal
10%
Adjectif qui qualifie la Bolivie dans sa forme longue Plurinational
10%
Ville chilienne, la plus peuplée du sud de la Patagonie Punta Arenas
7%
Parti du Président Lula Parti des Travailleurs
4%
L'un des neuf départements de Bolivie, dont la capitale, qui porte le même nom, est l'une des villes les plus hautes du monde (4070 m) Potosi
4%
Etat du Nordeste brésilien, dans la région du Sertão, le plus pauvre du Brésil (capitale : Teresina) Piaui
3%
Aucun quiz correspondant
Distribution des résultats
% des personnes avec chaque résultat
Percentile par nombre de réponses
Votre historique - résultats
Vous n’avez pas pris ce quiz